| 000 | 01062cam a22003494a 4500 | ||
|---|---|---|---|
| 999 |
_c35462 _d35462 |
||
| 001 | 001619096 | ||
| 003 | AR-BaBN | ||
| 005 | 20260303112432.0 | ||
| 007 | ta | ||
| 008 | 260303s1991 ag gr 001 0 spa d | ||
| 015 | _aAR-1991 | ||
| 020 | _z9509947047 | ||
| 040 |
_aSIUNPA _bspa _cSIUNPA _eAACR2 |
||
| 041 | _aspa | ||
| 043 | _as-ag--- | ||
| 044 |
_aag _car-c |
||
| 080 | 1 | _a355.1(82) F811m | |
| 100 | 1 |
_aFraga, Rosendo, _d1952- _eautor |
|
| 245 | 1 | 0 |
_aMenem y la cuestión militar / _cRosendo Fraga ; con la colaboración de Eduardo Ovalles |
| 250 | _a1a. ed. | ||
| 260 |
_aBuenos Aires : _bCentro de Estudios Unión para la Nueva Mayoría, _c1991 |
||
| 300 | _a207 p. | ||
| 490 | 1 |
_a(Colección análisis político ; _v7) |
|
| 600 | 0 |
_aMENEM, CARLOS SAUL _d1930-2021 _9944 |
|
| 650 | 4 | _aHISTORIA MILITAR | |
| 650 | 4 | _aFUERZAS ARMADAS | |
| 650 | 4 | _aPERONISMO | |
| 651 | 0 |
_aARGENTINA _953 |
|
| 700 | 1 |
_aOvalles, Eduardo _econ la colab de |
|
| 830 | 0 | _aAnálisis político (Centro de Estudios Unión para la Nueva Mayoría) | |
| 942 |
_2udc _cBK |
||